[Event "6. Obert Internacional Masdenverge 2017"]
[Site "Masdenverge ESP"]
[Date "2017.07.01"]
[Round "5.2"]
[White "Accensi Estrada, Miguel Angel"]
[Black "Fernandez Alonso, Miguel Angel"]
[Result "1/2-1/2"]
[WhiteElo "2159"]
[BlackElo "2104"]
[PlyCount "92"]
[EventDate "2017.06.30"]
[EventType "swiss"]
[EventRounds "7"]
[EventCountry "ESP"]
[SourceTitle "Ajedrez en Madrid"]
[Source "lmi"]
[SourceDate "2017.06.30"]
[SourceVersion "1"]
[SourceVersionDate "2018.04.15"]
[SourceQuality "1"]

1. e4 c5 2. Nf3 Nc6 3. Nc3 e5 4. Bc4 Be7 5. Nd5 Nf6 6. Nxe7 Qxe7 7. d3 d6 8. h3
Be6 9. Bxe6 Qxe6 10. c4 h6 11. a3 O-O 12. Nh4 Nd4 13. Be3 Kh7 14. g4 Ng8 15.
Bxd4 cxd4 16. Qf3 g6 17. Qg3 Ne7 18. O-O f5 19. f3 Rf7 20. Kh2 Raf8 21. Rae1
fxe4 22. Rxe4 g5 23. Ng2 Ng6 24. h4 Nxh4 25. Nxh4 gxh4 26. Qh3 Qg6 27. Kg2 Qg5
28. Rf2 Rf4 29. Rxf4 Rxf4 30. Kh2 Kg6 31. Qf1 Rf6 32. Kh3 Qe3 33. Kxh4 Qf4 34.
Qe2 Qg5+ 35. Kg3 Qf4+ 36. Kg2 Kg5 37. Rf1 Kg6 38. Rh1 Kg7 39. Rh5 Rg6 40. c5
Rg5 41. Rxg5+ hxg5 42. cxd6 Kf6 43. Qc2 Qe3 44. d7 Ke7 45. Qc5+ Kxd7 46. Qd5+
Kc7 1/2-1/2

[Event "6. Obert Internacional Masdenverge 2017"]
[Site "Masdenverge ESP"]
[Date "2017.07.01"]
[Round "5.3"]
[White "Garcia Amoros, Pablo"]
[Black "Santos Morales, Julio Cesar"]
[Result "1-0"]
[WhiteElo "2146"]
[BlackElo "1879"]
[PlyCount "123"]
[EventDate "2017.06.30"]
[EventType "swiss"]
[EventRounds "7"]
[EventCountry "ESP"]
[SourceTitle "Ajedrez en Madrid"]
[Source "lmi"]
[SourceDate "2017.06.30"]
[SourceVersion "1"]
[SourceVersionDate "2018.04.15"]
[SourceQuality "1"]

1. e4 c6 2. d4 d5 3. e5 Bf5 4. Nf3 e6 5. Be2 Nd7 6. O-O Ne7 7. Nh4 c5 8. dxc5
Nxc5 9. Bb5+ Nd7 10. c4 Bxb1 11. Rxb1 dxc4 12. Qe2 a6 13. Bxc4 Nc6 14. Nf3 Qc7
15. Bf4 Be7 16. Rbc1 Nb6 17. Bb3 O-O 18. Qe4 Rad8 19. Bg5 g6 20. Qh4 Rfe8 21.
Bf6 Nd5 22. Bxd5 Rxd5 23. Ng5 h5 24. Ne4 Qxe5 25. Bxe7 Nxe7 26. Nf6+ Kf8 27.
Nxe8 Kxe8 28. Rc2 Rd4 29. Qg3 Qf5 30. Qc3 Nc6 31. Rd2 Qe5 32. Rfd1 Rxd2 33.
Qxd2 Qc7 34. h3 Ke7 35. Qg5+ Ke8 36. Qc5 Qa5 37. Qxa5 Nxa5 38. Kf1 Ke7 39. Ke2
e5 40. Kd3 Nc6 41. Kc4 b6 42. b4 Nd4 43. Kd5 f6 44. Rd2 g5 45. Rd3 Kd7 46. g3
Nc6 47. a3 Nd4 48. f4 gxf4 49. gxf4 Ne2 50. Ke4+ Ke6 51. fxe5 fxe5 52. Re3 Nf4
53. Rg3 Nd5 54. Rd3 Nf6+ 55. Ke3 e4 56. Rd8 Nd5+ 57. Kd4 Nf6 58. Ra8 Kf5 59.
Rxa6 Nd5 60. Kxd5 e3 61. Rxb6 e2 62. Re6 1-0

[Event "6. Obert Internacional Masdenverge 2017"]
[Site "Masdenverge ESP"]
[Date "2017.07.01"]
[Round "5.4"]
[White "Biosca Caballe, Nestor"]
[Black "Jordan Martinez, David"]
[Result "1-0"]
[WhiteElo "1952"]
[BlackElo "2096"]
[PlyCount "51"]
[EventDate "2017.06.30"]
[EventType "swiss"]
[EventRounds "7"]
[EventCountry "ESP"]
[SourceTitle "Ajedrez en Madrid"]
[Source "lmi"]
[SourceDate "2017.06.30"]
[SourceVersion "1"]
[SourceVersionDate "2018.04.15"]
[SourceQuality "1"]

1. e4 c5 2. Nf3 d6 3. d4 cxd4 4. Nxd4 Nf6 5. Nc3 a6 6. f3 e5 7. Nb3 Be7 8. Be3
Be6 9. Qd2 h5 10. O-O-O Nbd7 11. Be2 Rc8 12. Kb1 b5 13. h3 h4 14. Nd5 Bxd5 15.
exd5 Nb6 16. Bxb6 Qxb6 17. Rhe1 Nh5 18. Qa5 Bd8 19. Qb4 O-O 20. Qg4 Bf6 21.
Qxh5 a5 22. Bd3 Rfd8 23. Nd4 Kf8 24. Nc6 Rxc6 25. dxc6 Qxc6 26. f4 1-0

[Event "6. Obert Internacional Masdenverge 2017"]
[Site "Masdenverge ESP"]
[Date "2017.07.01"]
[Round "5.5"]
[White "Ferre Fornos, J. Enric"]
[Black "Buch Prades, Joan"]
[Result "1-0"]
[WhiteElo "1893"]
[BlackElo "2077"]
[PlyCount "67"]
[EventDate "2017.06.30"]
[EventType "swiss"]
[EventRounds "7"]
[EventCountry "ESP"]
[SourceTitle "Ajedrez en Madrid"]
[Source "lmi"]
[SourceDate "2017.06.30"]
[SourceVersion "1"]
[SourceVersionDate "2018.04.15"]
[SourceQuality "1"]

1. e4 c5 2. d4 cxd4 3. c3 dxc3 4. Nxc3 Nc6 5. Nf3 e6 6. Bc4 a6 7. O-O Nge7 8.
Bg5 h6 9. Bh4 d6 10. Qe2 g5 11. Bg3 Ng6 12. Rfd1 Be7 13. e5 d5 14. Bxd5 exd5
15. Nxd5 Be6 16. Nf6+ Bxf6 17. Rxd8+ Bxd8 18. b3 O-O 19. Rd1 Bc7 20. Qe3 Rad8
21. Rxd8 Rxd8 22. h3 Rd5 23. Qc3 Ba5 24. Qe3 Nb4 25. Qa7 h5 26. h4 g4 27. Ng5
Bc8 28. Ne4 Kg7 29. Nf6 Nc6 30. Qe3 Bd2 31. Nxh5+ Kh8 32. Qe2 Ncxe5 33. Nf6 Rd8
34. Bxe5 1-0

[Event "6. Obert Internacional Masdenverge 2017"]
[Site "Masdenverge ESP"]
[Date "2017.07.01"]
[Round "5.6"]
[White "Garcia Estruch, Jorge"]
[Black "Lorca Cortada, David"]
[Result "1/2-1/2"]
[WhiteElo "1833"]
[BlackElo "2056"]
[PlyCount "41"]
[EventDate "2017.06.30"]
[EventType "swiss"]
[EventRounds "7"]
[EventCountry "ESP"]
[SourceTitle "Ajedrez en Madrid"]
[Source "lmi"]
[SourceDate "2017.06.30"]
[SourceVersion "1"]
[SourceVersionDate "2018.04.15"]
[SourceQuality "1"]

1. e4 c5 2. d4 cxd4 3. c3 Nf6 4. e5 Nd5 5. Bc4 Nb6 6. Bb3 d6 7. Nf3 Nc6 8. exd6
Qxd6 9. O-O e6 10. cxd4 Be7 11. Nc3 O-O 12. Ne4 Qd8 13. Re1 Nd5 14. a3 b6 15.
Bd2 Bb7 16. Rc1 Rc8 17. Nc3 Na5 18. Nxd5 exd5 19. Rxc8 Bxc8 20. Bxd5 Bf6 21.
Bxa5 1/2-1/2

[Event "6. Obert Internacional Masdenverge 2017"]
[Site "Masdenverge ESP"]
[Date "2017.07.01"]
[Round "5.7"]
[White "Molano Lafuente, Ismael"]
[Black "Jove Barbera, Josep Lluis"]
[Result "1-0"]
[WhiteElo "2005"]
[BlackElo "1812"]
[PlyCount "93"]
[EventDate "2017.06.30"]
[EventType "swiss"]
[EventRounds "7"]
[EventCountry "ESP"]
[SourceTitle "Ajedrez en Madrid"]
[Source "lmi"]
[SourceDate "2017.06.30"]
[SourceVersion "1"]
[SourceVersionDate "2018.04.15"]
[SourceQuality "1"]

1. f4 d5 2. Nf3 Nf6 3. e3 Bg4 4. h3 Bxf3 5. Qxf3 e6 6. b3 Nbd7 7. Bb2 Be7 8. d3
a6 9. Nd2 c5 10. Be2 Qa5 11. c3 e5 12. O-O exf4 13. exf4 O-O 14. Qf2 Rae8 15.
Nf3 Qc7 16. Bc1 Bd6 17. g3 b5 18. Bd2 c4 19. b4 cxd3 20. Bxd3 Ne4 21. Bxe4 dxe4
22. Nd4 Nb6 23. Be3 Qb7 24. Nf5 Bc7 25. Bd4 f6 26. Qe2 Nc4 27. Rad1 Bb6 28. Qg4
Bxd4+ 29. Rxd4 e3 30. Rd7 Qxd7 31. Nh6+ Kh8 32. Qxd7 gxh6 33. Re1 Kg8 34. Qc6
Nd2 35. Re2 Re4 36. Qxa6 Kg7 37. Qxb5 Rf7 38. a4 Rfe7 39. a5 Rc4 40. Qb6 Rxc3
41. a6 Nc4 42. Qc5 Rd7 43. a7 Rd1+ 44. Kg2 Rcc1 45. Qxc4 Rg1+ 46. Kf3 Rcf1+ 47.
Ke4 1-0

[Event "6. Obert Internacional Masdenverge 2017"]
[Site "Masdenverge ESP"]
[Date "2017.07.01"]
[Round "5.8"]
[White "Carreras Villagrasa, Pablo"]
[Black "Benaiges Fontanet, German"]
[Result "0-1"]
[WhiteElo "1782"]
[BlackElo "1986"]
[PlyCount "64"]
[EventDate "2017.06.30"]
[EventType "swiss"]
[EventRounds "7"]
[EventCountry "ESP"]
[SourceTitle "Ajedrez en Madrid"]
[Source "lmi"]
[SourceDate "2017.06.30"]
[SourceVersion "1"]
[SourceVersionDate "2018.04.15"]
[SourceQuality "1"]

1. d4 Nf6 2. Nf3 d5 3. e3 c6 4. Bd3 Bg4 5. Nbd2 e6 6. O-O Nbd7 7. Qe2 Be7 8. b3
O-O 9. Bb2 Re8 10. e4 dxe4 11. Nxe4 Nxe4 12. Bxe4 Nf6 13. Bd3 Qc7 14. c4 Rad8
15. Rfe1 Bb4 16. Red1 Bd6 17. h3 Bh5 18. c5 Bf8 19. Qe5 Qxe5 20. dxe5 Nd5 21.
g4 Bg6 22. Bxg6 hxg6 23. Rac1 Nf4 24. Kh2 Nd3 25. Rc2 Nxb2 26. Rxd8 Rxd8 27.
Rxb2 Bxc5 28. Kg3 Kf8 29. Rd2 Rxd2 30. Nxd2 Ke7 31. Nc4 b5 32. Na5 Kd7 0-1

[Event "6. Obert Internacional Masdenverge 2017"]
[Site "Masdenverge ESP"]
[Date "2017.07.01"]
[Round "5.9"]
[White "Ramos Lor, Jose"]
[Black "Romeu De La Cruz, Josep"]
[Result "1-0"]
[WhiteElo "1967"]
[BlackElo "1772"]
[PlyCount "61"]
[EventDate "2017.06.30"]
[EventType "swiss"]
[EventRounds "7"]
[EventCountry "ESP"]
[SourceTitle "Ajedrez en Madrid"]
[Source "lmi"]
[SourceDate "2017.06.30"]
[SourceVersion "1"]
[SourceVersionDate "2018.04.15"]
[SourceQuality "1"]

1. e4 d5 2. exd5 Qxd5 3. Nc3 Qa5 4. d4 c6 5. Bc4 e6 6. Nf3 Nf6 7. O-O Be7 8.
Qe2 Qd8 9. Re1 O-O 10. h3 b5 11. Bb3 a5 12. a3 Re8 13. Bf4 Bd6 14. Ne5 Ra7 15.
Rad1 Rae7 16. Qf3 Bb7 17. Bg5 Rc7 18. Ne4 Be7 19. Nc5 Bc8 20. c3 h6 21. Bf4 Bd6
22. Re3 Nd5 23. Bxd5 exd5 24. Rde1 Bxc5 25. dxc5 Rce7 26. Nxf7 Rxe3 27. Rxe3
Kxf7 28. Bg5+ Kg8 29. Bxd8 Rxd8 30. Re7 Nd7 31. Qf7+ 1-0

[Event "6. Obert Internacional Masdenverge 2017"]
[Site "Masdenverge ESP"]
[Date "2017.07.01"]
[Round "5.10"]
[White "Pla Andreu, Abraham"]
[Black "Fosch Ferre, Arnau"]
[Result "1-0"]
[WhiteElo "1983"]
[BlackElo "1698"]
[PlyCount "91"]
[EventDate "2017.06.30"]
[EventType "swiss"]
[EventRounds "7"]
[EventCountry "ESP"]
[SourceTitle "Ajedrez en Madrid"]
[Source "lmi"]
[SourceDate "2017.06.30"]
[SourceVersion "1"]
[SourceVersionDate "2018.04.15"]
[SourceQuality "1"]

1. e4 c5 2. Nf3 a6 3. d4 cxd4 4. Nxd4 Nf6 5. Nc3 e5 6. Nb3 Bb4 7. Bd3 d5 8.
exd5 Nxd5 9. Bd2 Nxc3 10. Bxc3 Bxc3+ 11. bxc3 Qc7 12. Qd2 Nd7 13. O-O O-O 14.
f3 Nf6 15. Rfd1 Be6 16. Qe1 Rac8 17. Rdb1 Rfe8 18. Nd2 Qxc3 19. Rxb7 Bd5 20.
Rbb1 e4 21. Nxe4 Bxe4 22. Qxc3 Rxc3 23. fxe4 g6 24. Re1 a5 25. a4 Ng4 26. Red1
Ne5 27. Rab1 Nc6 28. Rb3 Rxb3 29. cxb3 Nb4 30. Bc4 Rxe4 31. Rd7 Rf4 32. Rc7 h5
33. Ra7 Rf5 34. Bb5 Nc2 35. Bd3 Rc5 36. Bc4 Rf5 37. h3 h4 38. Bd3 Rc5 39. Bxc2
Rxc2 40. Rxa5 Rb2 41. Rb5 Kf8 42. a5 Ke8 43. b4 Kd7 44. a6 Kc7 45. Rb7+ Kc8 46.
b5 1-0

[Event "6. Obert Internacional Masdenverge 2017"]
[Site "Masdenverge ESP"]
[Date "2017.07.02"]
[Round "6.1"]
[White "Garcia Amoros, Pablo"]
[Black "Jordan Martinez, Miguel"]
[Result "0-1"]
[WhiteElo "2146"]
[BlackElo "2161"]
[PlyCount "86"]
[EventDate "2017.06.30"]
[EventType "swiss"]
[EventRounds "7"]
[EventCountry "ESP"]
[SourceTitle "Ajedrez en Madrid"]
[Source "lmi"]
[SourceDate "2017.06.30"]
[SourceVersion "1"]
[SourceVersionDate "2018.04.15"]
[SourceQuality "1"]

1. e4 e6 2. d4 d5 3. Nd2 Nf6 4. e5 Nfd7 5. Bd3 c5 6. c3 Nc6 7. Ne2 cxd4 8. cxd4
f6 9. exf6 Nxf6 10. Nf3 Bd6 11. O-O Qc7 12. Nc3 a6 13. Bd2 O-O 14. Rc1 h6 15.
h3 Qf7 16. a3 Nh5 17. Ne2 Qe7 18. Bg6 Nf4 19. Nxf4 Bxf4 20. Bb1 Bd7 21. Re1
Bxd2 22. Qxd2 Rxf3 23. gxf3 Qf6 24. Rcd1 Rf8 25. Qd3 Qg5+ 26. Kh1 Qh5 27. f4
Rxf4 28. Re3 Qf5 29. Qxf5 exf5 30. Kg2 Nxd4 31. Kg3 g5 32. Ba2 Bc6 33. Red3
Ne2+ 34. Kg2 Re4 35. Re3 Nf4+ 36. Kh2 Kg7 37. Bb1 Kf6 38. Bxe4 fxe4 39. f3 Ke5
40. fxe4 d4 41. Ree1 Bxe4 42. Kg3 d3 43. h4 gxh4+ 0-1

[Event "6. Obert Internacional Masdenverge 2017"]
[Site "Masdenverge ESP"]
[Date "2017.07.02"]
[Round "6.2"]
[White "Benaiges Fontanet, German"]
[Black "Accensi Estrada, Miguel Angel"]
[Result "1/2-1/2"]
[WhiteElo "1986"]
[BlackElo "2159"]
[PlyCount "39"]
[EventDate "2017.06.30"]
[EventType "swiss"]
[EventRounds "7"]
[EventCountry "ESP"]
[SourceTitle "Ajedrez en Madrid"]
[Source "lmi"]
[SourceDate "2017.06.30"]
[SourceVersion "1"]
[SourceVersionDate "2018.04.15"]
[SourceQuality "1"]

1. d4 Nf6 2. g3 e6 3. Bg2 d5 4. Nf3 Be7 5. c4 O-O 6. O-O c6 7. b3 Nbd7 8. Nbd2
b6 9. Qc2 Ba6 10. Re1 Rc8 11. e4 c5 12. e5 Ne8 13. cxd5 exd5 14. Qb1 Nc7 15.
Bb2 Ne6 16. Nf1 Re8 17. Ne3 Ndf8 18. Nf5 cxd4 19. Nxe7+ Qxe7 20. Nxd4 1/2-1/2

[Event "6. Obert Internacional Masdenverge 2017"]
[Site "Masdenverge ESP"]
[Date "2017.07.02"]
[Round "6.3"]
[White "Fernandez Alonso, Miguel Angel"]
[Black "Ramos Lor, Jose"]
[Result "1/2-1/2"]
[WhiteElo "2104"]
[BlackElo "1967"]
[PlyCount "42"]
[EventDate "2017.06.30"]
[EventType "swiss"]
[EventRounds "7"]
[EventCountry "ESP"]
[SourceTitle "Ajedrez en Madrid"]
[Source "lmi"]
[SourceDate "2017.06.30"]
[SourceVersion "1"]
[SourceVersionDate "2018.04.15"]
[SourceQuality "1"]

1. d4 d5 2. c4 e6 3. Nc3 Nf6 4. cxd5 exd5 5. Bg5 Be7 6. Qc2 c6 7. e3 O-O 8. Bd3
Nbd7 9. Nf3 Re8 10. O-O g6 11. a3 Nh5 12. Bxe7 Qxe7 13. b4 a6 14. Na4 Ng7 15.
Nc5 Nb6 16. Rae1 Bf5 17. Nd2 Bxd3 18. Qxd3 Nf5 19. a4 Nd6 20. Rb1 f5 21. a5 Nd7
1/2-1/2

[Event "6. Obert Internacional Masdenverge 2017"]
[Site "Masdenverge ESP"]
[Date "2017.07.02"]
[Round "6.4"]
[White "Asensio Linan, Teodoro"]
[Black "Biosca Caballe, Nestor"]
[Result "1-0"]
[WhiteElo "2104"]
[BlackElo "1952"]
[PlyCount "57"]
[EventDate "2017.06.30"]
[EventType "swiss"]
[EventRounds "7"]
[EventCountry "ESP"]
[SourceTitle "Ajedrez en Madrid"]
[Source "lmi"]
[SourceDate "2017.06.30"]
[SourceVersion "1"]
[SourceVersionDate "2018.04.15"]
[SourceQuality "1"]

1. e4 e5 2. Bc4 Bc5 3. Nf3 Nc6 4. c3 Nf6 5. d4 exd4 6. cxd4 Bb4+ 7. Bd2 Bxd2+
8. Nbxd2 d6 9. O-O O-O 10. Qc2 h6 11. Rfe1 d5 12. Bb5 dxe4 13. Bxc6 exf3 14.
Bxf3 c6 15. Nb3 Bg4 16. Bxg4 Nxg4 17. Qe2 Qh4 18. h3 Nf6 19. Qe7 b6 20. Qb7 Ne4
21. Re2 Rfc8 22. Rc1 Nd6 23. Qd7 Nb5 24. Rxc6 Rd8 25. Qf5 Nxd4 26. Nxd4 Qxd4
27. Re7 Qd1+ 28. Kh2 Qd5 29. Re8+ 1-0

[Event "6. Obert Internacional Masdenverge 2017"]
[Site "Masdenverge ESP"]
[Date "2017.07.02"]
[Round "6.5"]
[White "Rius Guarch, Daniel"]
[Black "Molano Lafuente, Ismael"]
[Result "0-1"]
[WhiteElo "1878"]
[BlackElo "2005"]
[PlyCount "60"]
[EventDate "2017.06.30"]
[EventType "swiss"]
[EventRounds "7"]
[EventCountry "ESP"]
[SourceTitle "Ajedrez en Madrid"]
[Source "lmi"]
[SourceDate "2017.06.30"]
[SourceVersion "1"]
[SourceVersionDate "2018.04.15"]
[SourceQuality "1"]

1. d4 d5 2. c4 e6 3. Nf3 f5 4. g3 Nf6 5. Bg2 Be7 6. Nc3 c6 7. cxd5 exd5 8. a3
O-O 9. b4 Ne4 10. Qc2 a6 11. O-O Qe8 12. Ne5 Nd7 13. Nxe4 fxe4 14. Nxc6 bxc6
15. Qxc6 Ra7 16. Qxd5+ Kh8 17. Qxe4 Nf6 18. Qd3 Qh5 19. f3 Bd7 20. Qd2 Bb5 21.
Re1 Rc7 22. e4 Rfc8 23. Qg5 Qf7 24. Qf4 Qe6 25. Be3 Rc2 26. d5 Qd7 27. Rec1 Bd6
28. Qh4 Rxc1+ 29. Bxc1 Qa7+ 30. Kh1 Qd4 0-1

[Event "6. Obert Internacional Masdenverge 2017"]
[Site "Masdenverge ESP"]
[Date "2017.07.02"]
[Round "6.6"]
[White "Lorca Cortada, David"]
[Black "Ferre Fornos, J. Enric"]
[Result "1-0"]
[WhiteElo "2056"]
[BlackElo "1893"]
[PlyCount "89"]
[EventDate "2017.06.30"]
[EventType "swiss"]
[EventRounds "7"]
[EventCountry "ESP"]
[SourceTitle "Ajedrez en Madrid"]
[Source "lmi"]
[SourceDate "2017.06.30"]
[SourceVersion "1"]
[SourceVersionDate "2018.04.15"]
[SourceQuality "1"]

1. c4 Nf6 2. g3 g6 3. Bg2 Bg7 4. e4 d6 5. Ne2 e5 6. O-O O-O 7. Nbc3 Nc6 8. d3
Be6 9. Rb1 a5 10. a3 Qd7 11. Bd2 Bh3 12. b4 axb4 13. axb4 Bxg2 14. Kxg2 Nh5 15.
Qb3 Kh8 16. f3 f5 17. Ra1 Nf6 18. Ra2 Rxa2 19. Qxa2 Nxb4 20. Qb1 c5 21. Nb5 Nc6
22. Qa2 Rb8 23. Nec3 h6 24. Rb1 Nb4 25. Qa7 Qd8 26. Rd1 Nc6 27. Qa3 Ra8 28. Qb2
Bf8 29. Rb1 Nb4 30. exf5 gxf5 31. Qc1 Kh7 32. Qf1 Bg7 33. Kh1 Ra6 34. Nd1 Nc6
35. Nbc3 Nb4 36. Ne3 Qd7 37. Nb5 Ra2 38. Bxb4 cxb4 39. Qh3 Rd2 40. Rxb4 Rxd3
41. Qxf5+ Qxf5 42. Nxf5 Rxf3 43. Nbxd6 Bf8 44. Rxb7+ Kg6 45. Nh4+ 1-0

[Event "6. Obert Internacional Masdenverge 2017"]
[Site "Masdenverge ESP"]
[Date "2017.07.02"]
[Round "6.7"]
[White "Onate Mesa, Carles"]
[Black "Pla Andreu, Abraham"]
[Result "1/2-1/2"]
[WhiteElo "1687"]
[BlackElo "1983"]
[PlyCount "121"]
[EventDate "2017.06.30"]
[EventType "swiss"]
[EventRounds "7"]
[EventCountry "ESP"]
[SourceTitle "Ajedrez en Madrid"]
[Source "lmi"]
[SourceDate "2017.06.30"]
[SourceVersion "1"]
[SourceVersionDate "2018.04.15"]
[SourceQuality "1"]

1. b3 d5 2. e3 e5 3. Bb2 Bd6 4. h3 Nf6 5. c4 Be6 6. Nf3 Nbd7 7. d3 c6 8. Nbd2
O-O 9. Ng5 h6 10. Nxe6 fxe6 11. Nf3 Qa5+ 12. Nd2 e4 13. a3 exd3 14. Bxd3 Be5
15. b4 Qc7 16. Qc2 Bxb2 17. Qxb2 Qe5 18. Qa2 Kh8 19. O-O Qd6 20. cxd5 exd5 21.
Nf3 Ne5 22. Nxe5 Qxe5 23. Rac1 Rac8 24. Qc2 Nd7 25. Qc3 a6 26. Be2 Qxc3 27.
Rxc3 Nb6 28. Rd1 Na4 29. Rc2 Rce8 30. Bf3 Re7 31. Rd4 g6 32. e4 Rf4 33. Rcd2
dxe4 34. Re2 Nc3 35. Re3 Nb5 36. Rdxe4 Rfxe4 37. Bxe4 Kg7 38. a4 Nd6 39. Bd3
Rxe3 40. fxe3 Kf6 41. Kf2 g5 42. Kf3 h5 43. e4 Ke5 44. Ke3 Ne8 45. b5 axb5 46.
axb5 cxb5 47. Bxb5 Nd6 48. Bd3 b5 49. g3 b4 50. Bc2 Nb5 51. Kd3 Nd4 52. Bd1 h4
53. gxh4 gxh4 54. Kc4 b3 55. Bxb3 Nxb3 56. Kxb3 Kxe4 57. Kc3 Ke3 58. Kc2 Kf3
59. Kd3 Kg3 60. Ke3 Kxh3 61. Kf3 1/2-1/2

[Event "6. Obert Internacional Masdenverge 2017"]
[Site "Masdenverge ESP"]
[Date "2017.07.02"]
[Round "6.8"]
[White "Santos Morales, Julio Cesar"]
[Black "Garcia Estruch, Jorge"]
[Result "1/2-1/2"]
[WhiteElo "1879"]
[BlackElo "1833"]
[PlyCount "52"]
[EventDate "2017.06.30"]
[EventType "swiss"]
[EventRounds "7"]
[EventCountry "ESP"]
[SourceTitle "Ajedrez en Madrid"]
[Source "lmi"]
[SourceDate "2017.06.30"]
[SourceVersion "1"]
[SourceVersionDate "2018.04.15"]
[SourceQuality "1"]

1. d4 Nf6 2. Nf3 g6 3. Bf4 Bg7 4. e3 d6 5. Be2 O-O 6. c4 Nbd7 7. Nc3 Re8 8. O-O
e5 9. dxe5 dxe5 10. Bg5 h6 11. Bxf6 Bxf6 12. e4 c6 13. Qd2 Bg7 14. Rfd1 Qf6 15.
b4 Nf8 16. c5 Bg4 17. h3 Bxf3 18. Bxf3 Rad8 19. Qe3 Rd4 20. Ne2 Rxb4 21. Qa3
Rb5 22. Nc3 Ne6 23. Nxb5 cxb5 24. Qxa7 Nd4 25. Rd3 Qc6 26. Re1 Bf8 1/2-1/2

[Event "6. Obert Internacional Masdenverge 2017"]
[Site "Masdenverge ESP"]
[Date "2017.07.02"]
[Round "6.9"]
[White "Lopez Minguella, Armand"]
[Black "Ortoneda Mayoral, Emilio"]
[Result "1-0"]
[WhiteElo "1554"]
[BlackElo "1866"]
[PlyCount "113"]
[EventDate "2017.06.30"]
[EventType "swiss"]
[EventRounds "7"]
[EventCountry "ESP"]
[SourceTitle "Ajedrez en Madrid"]
[Source "lmi"]
[SourceDate "2017.06.30"]
[SourceVersion "1"]
[SourceVersionDate "2018.04.15"]
[SourceQuality "1"]

1. e4 c5 2. Nf3 e6 3. c3 Nc6 4. d4 cxd4 5. cxd4 d6 6. Bb5 Bd7 7. O-O Be7 8. Nc3
Nf6 9. Bf4 Nh5 10. Be3 Nf6 11. d5 Nb8 12. Bxd7+ Nbxd7 13. dxe6 fxe6 14. Qb3 O-O
15. Qxe6+ Kh8 16. Ng5 Qe8 17. Rad1 h6 18. Nf3 Qf7 19. Qxf7 Rxf7 20. Bf4 Nxe4
21. Nxe4 Rxf4 22. Nxd6 Nc5 23. Nxb7 Ra4 24. Rfe1 Bf8 25. Nxc5 Bxc5 26. Rc1 Bb6
27. a3 Rf8 28. Re2 Rg4 29. Ne5 Rg5 30. Nd7 Rd8 31. Nxb6 axb6 32. g3 Rb5 33. Kg2
Kh7 34. Rc7 Rdd5 35. Ree7 Rg5 36. b4 Rbd5 37. Ra7 Rg6 38. Reb7 Rdd6 39. Ra6
Rde6 40. a4 Rd6 41. a5 bxa5 42. Rxd6 Rxd6 43. bxa5 Rd2 44. a6 Ra2 45. a7 Kg6
46. Kf3 Kf6 47. Ke4 Ra5 48. Kd4 g5 49. Kc4 Ra2 50. Kb5 Rb2+ 51. Kc6 Ra2 52. Kc7
Kf5 53. Kb8 Kg4 54. a8=Q Rxa8+ 55. Kxa8 Kh3 56. Rh7 Kxh2 57. Rxh6+ 1-0

[Event "6. Obert Internacional Masdenverge 2017"]
[Site "Masdenverge ESP"]
[Date "2017.07.02"]
[Round "6.10"]
[White "Jove Barbera, Josep Lluis"]
[Black "Rodriguez Marin, Jose"]
[Result "1/2-1/2"]
[WhiteElo "1812"]
[BlackElo "1618"]
[PlyCount "29"]
[EventDate "2017.06.30"]
[EventType "swiss"]
[EventRounds "7"]
[EventCountry "ESP"]
[SourceTitle "Ajedrez en Madrid"]
[Source "lmi"]
[SourceDate "2017.06.30"]
[SourceVersion "1"]
[SourceVersionDate "2018.04.15"]
[SourceQuality "1"]

1. d4 d5 2. c4 e6 3. Nf3 b6 4. Nc3 Bb7 5. cxd5 exd5 6. Bf4 Bd6 7. Be5 Nf6 8. e3
O-O 9. Bd3 Nbd7 10. Bxd6 cxd6 11. O-O Ne4 12. Ne2 Ndf6 13. Qb3 Qe7 14. Rac1
Rfc8 15. Nf4 1/2-1/2

[Event "6. Obert Internacional Masdenverge 2017"]
[Site "Masdenverge ESP"]
[Date "2017.07.02"]
[Round "7.2"]
[White "Accensi Estrada, Miguel Angel"]
[Black "Asensio Linan, Teodoro"]
[Result "1-0"]
[WhiteElo "2159"]
[BlackElo "2104"]
[PlyCount "67"]
[EventDate "2017.06.30"]
[EventType "swiss"]
[EventRounds "7"]
[EventCountry "ESP"]
[SourceTitle "Ajedrez en Madrid"]
[Source "lmi"]
[SourceDate "2017.06.30"]
[SourceVersion "1"]
[SourceVersionDate "2018.04.15"]
[SourceQuality "1"]

1. Nf3 d5 2. d4 Nf6 3. e3 g6 4. c4 Bg7 5. Nc3 O-O 6. cxd5 Nxd5 7. Bc4 Nb6 8.
Bb3 Nc6 9. O-O e5 10. dxe5 Nxe5 11. Nxe5 Bxe5 12. Qe2 Qe7 13. e4 Be6 14. f4
Bd4+ 15. Kh1 Rfe8 16. Nb5 Bxb3 17. axb3 Bg7 18. Re1 a6 19. Nc3 Qe6 20. e5 Qxb3
21. Qf3 c6 22. Ra3 Qb4 23. Qf2 Nd7 24. Ne4 Re7 25. Rh3 Rae8 26. Bd2 Qxb2 27.
Qh4 Nf8 28. Bc3 Qc2 29. Bb4 Rd7 30. Bd6 h6 31. f5 Rxe5 32. Bxe5 Rd1 33. Bxg7
Qc1 34. Bc3 1-0

[Event "6. Obert Internacional Masdenverge 2017"]
[Site "Masdenverge ESP"]
[Date "2017.07.02"]
[Round "7.3"]
[White "Benaiges Fontanet, German"]
[Black "Garcia Amoros, Pablo"]
[Result "1/2-1/2"]
[WhiteElo "1986"]
[BlackElo "2146"]
[PlyCount "61"]
[EventDate "2017.06.30"]
[EventType "swiss"]
[EventRounds "7"]
[EventCountry "ESP"]
[SourceTitle "Ajedrez en Madrid"]
[Source "lmi"]
[SourceDate "2017.06.30"]
[SourceVersion "1"]
[SourceVersionDate "2018.04.15"]
[SourceQuality "1"]

1. d4 Nf6 2. c4 d6 3. Nc3 e5 4. d5 a5 5. e4 Na6 6. f3 Be7 7. Be3 O-O 8. Nge2 c6
9. Nc1 cxd5 10. cxd5 Nd7 11. Be2 Bh4+ 12. g3 Bg5 13. Bxg5 Qxg5 14. Qd2 Qd8 15.
O-O Ndc5 16. Nd3 Nxd3 17. Bxd3 Nc5 18. Rf2 a4 19. Bf1 f5 20. Bg2 Bd7 21. Rff1
b5 22. exf5 Rxf5 23. Bh3 Rf8 24. Bxd7 Nxd7 25. Ne4 Qb6+ 26. Kg2 h6 27. Rac1
Rac8 28. Rc6 Rxc6 29. dxc6 Qxc6 30. Qxd6 Qxd6 31. Nxd6 1/2-1/2